| 000 | 00584nam a22002057a 4500 | ||
|---|---|---|---|
| 003 | OSt | ||
| 005 | 20140310181929.0 | ||
| 008 | 130722t xxu||||| |||| 00| 0 eng d | ||
| 050 |
_aLB 1027.43 _b.C471 1994 |
||
| 082 |
_aTRC 370. _b97 C37 1994 |
||
| 100 |
_aChard, Sylvia C. _92614 |
||
| 245 |
_aThe project approach / _cSylvia C. Chard. |
||
| 260 |
_aUSA : _bScholastic, _cc1994. |
||
| 300 |
_a63 p/ _bill. ; _c27 cm. |
||
| 520 | _aFaculty | ||
| 541 | _j1 | ||
| 562 | _e1 | ||
| 651 |
_aSchool management and organizations. _xUnited States. _92615 |
||
| 942 |
_2lcc _cBK-TR _kTRC |
||
| 999 |
_c7308 _d7308 |
||